000 00642nam a2200193 a 4500
001 000021294
005 20200930011304.0
008 100903s1939 ag r 000 s spa d
040 _aDO-SdBNP
_bspa
_cBNPHU
082 _a928.4
_bR484d
100 1 _aRolland, Romain
_944498
245 1 3 _aEl pensamiento vivo de Rousseau /
_cRomain Rolland; traducción J. Guixé.
260 _aBuenos Aires, (Argentina) :
_bEditorial Losada,
_c1939.
300 _a210 p. ;
_c18 cm.
600 1 4 _aROUSSEAU, JEAN JACQUES
_xVIDA INTELECTUAL
_944499
650 4 _aArgentina
_xVida sicocial 7 costumbres
_944500
700 1 _aGuixé, J.
_etr.
_944501
049 _aBNGR
999 _c20794
_d20794